माँ तथा अन्य कहानियाँ/ (Record no. 204993)
[ view plain ]
| 000 -LEADER | |
|---|---|
| fixed length control field | 00798nam a22002057a 4500 |
| 005 - DATE AND TIME OF LATEST TRANSACTION | |
| control field | 20240813102258.0 |
| 010 ## - LCCN (DPL NO) | |
| LC control number | HIN-128157 |
| 020 ## - INTERNATIONAL STANDARD BOOK NUMBER | |
| International Standard Book Number | 9789380226149 |
| Terms of availability | 260.00 |
| 035 ## - SYSTEM CONTROL NUMBER | |
| System control number | HN-100503 |
| 037 ## - SOURCE OF ACQUISITION | |
| Source of stock number/acquisition | DBAD |
| 082 ## - DEWEY DECIMAL CLASSIFICATION NUMBER | |
| Classification number | क |
| 100 ## - MAIN ENTRY--PERSONAL NAME | |
| Personal name | व्यास ,राजशेखर |
| 245 ## - TITLE STATEMENT | |
| Title | माँ तथा अन्य कहानियाँ/ |
| Statement of responsibility, etc | राजशेखर व्यास |
| 250 ## - EDITION STATEMENT | |
| Edition statement | 1 |
| 260 ## - PUBLICATION, DISTRIBUTION, ETC. (IMPRINT) | |
| Place of publication, distribution, etc | नई दिल्ली |
| Name of publisher, distributor, etc | हिन्दी बुक सेंटर |
| Date of publication, distribution, etc | 2021 |
| 270 ## - ADDRESS | |
| Address | 4/5 बी आसफ अली रोड |
| City | नई दिल्ली |
| Postal code | 110002 |
| Electronic mail address | www.hindibook.com |
| 300 ## - PHYSICAL DESCRIPTION | |
| Extent | 166पृ. |
| Dimensions | 22 सेमी (सजिल्द) |
| 700 ## - ADDED ENTRY--PERSONAL NAME | |
| Personal name | व्यास ,राजशेखर |
| 9 (RLIN) | 69863 |
| 942 ## - ADDED ENTRY ELEMENTS (KOHA) | |
| Item type | Hindi Books |
| Source of classification or shelving scheme | Dewey Decimal Classification |
| Classification part | क |
| Call number suffix | व्यास |
| Withdrawn status | Lost status | Not for loan | Collection code | Home library | Current library | Date acquired | Source of acquisition | Cost, normal purchase price | Full call number | Barcode | Copy number | Cost, replacement price | Koha item type |
|---|---|---|---|---|---|---|---|---|---|---|---|---|---|
| Not For Loan | Fiction | Patel Nagar | Patel Nagar | 12/08/2024 | DBAD | 260.00 | क व्यास | HN-100503 | 1 | 260.00 | Hindi Books |
